History Quiz

Random History or Blitz Quiz

Quick Pick: Governors of Delaware Quiz Stats

 Plays Quiz not verified by Sporcle

Support Sporcle.
Go Orange.
Score 0/10 Timer 01:00
0 Plays Today
% Correct
Minner, Ruth Ann
78.4%
Markell, Jack
77.6%
du Pont, Pierre S., IV
77.6%
Carper, Thomas
76.7%
Boggs, J. Caleb
73.3%
Castle, Michael
72.4%
Carvel, Elbert
62.1%
Bacon, Walter
62.1%
Clayton, Joshua
58.6%
Saulsbury, Gove
51.7%

You're not logged in!

Compare scores with friends on all Sporcle quizzes.
OR
Log In

From the Vault

Fun With 1234

by tobley

Just as easy as 123...err...4.
Remove Ads.
Support Sporcle.
Get the best of Sporcle when you Go Orange. This ad-free experience offers more features, more stats, and more fun while also helping to support Sporcle. Thank you for becoming a member.

Show Comments

Extras

Top Quizzes Today


Score Distribution

Your Account Isn't Verified!

In order to create a playlist on Sporcle, you need to verify the email address you used during registration. Go to your Sporcle Settings to finish the process.

Report this User

Report this user for behavior that violates our Community Guidelines.

Details: